Droit fiscal cours
Gespeichert in:
| 1. Verfasser: | |
|---|---|
| Weitere Verfasser: | |
| Format: | Buch |
| Sprache: | Französisch |
| Veröffentlicht: |
Paris
Vuibert
1998
|
| Schriftenreihe: | Collection Expertise comptable
DECF No. 1 |
| Schlagworte: | |
| Tags: |
Keine Tags, Fügen Sie das erste Tag hinzu!
|
MARC
| LEADER | 00000nam$a2200000$$$4500 | ||
|---|---|---|---|
| 001 | 0113126 | ||
| 005 | 20240111125241.3 | ||
| 020 | |a 2-7117-7941-6 | ||
| 041 | 0 | |a fre | |
| 044 | |a FR | ||
| 245 | 1 | 0 | |a Droit fiscal |b cours |c Guillaume Blin, Pierre Blin |
| 264 | 1 | |a Paris |b Vuibert |c 1998 | |
| 300 | |a 390 s. | ||
| 490 | 1 | |a Collection Expertise comptable |v DECF No. 1 | |
| 830 | 0 | |a Collection Expertise comptable |v DECF No. 1 | |
| 610 | 2 | 0 | |a dane |
| 610 | 2 | 0 | |a dane priame |
| 610 | 2 | 0 | |a politika daňová |
| 100 | 1 | |a Blin, Guillaume | |
| 700 | 1 | |a Blin, Pierre | |